000 00438nam a2200193Ia 4500
005 20250603145344.0
008 250603s9999 xx 000 0 und d
020 _a9781469864150
050 _aRC 59 .V56/
100 _aYoung Vincent B...[et al.]
245 0 _aMedicine
250 _a6th ed.
260 _aPhiladelphia
260 _bWolters Kluwer
260 _c2016
300 _a403 p
650 _aPhiladelphia
942 _cBK
999 _c41621
_d41621